Водолей - знак России: Поверья. Прозрения. Пророчества; Вода живая и мертвая; Отрывки и Афоризмы; Считай себя предупрежденным; Мир суеверий; Россия - это сердце Земли; Народные годовщины; Ворожба; Национализм и мессианизм; Пророчества Нострадамуса: реальность страшнее; Будет ли существовать Россия?; За Россией - нежность, которая называется "будущее"; Дионисий; Против России; Я родилась в России - не для погибели; Звезда над миром; Комсомольская площадь; В гостях у Ванги; Аномальные явления в конце света; Взрослым о детях

Dades bibliogràfiques
Altres autors: Бобров А. А. Александр Александрович (составитель)
Sumari:Исключено из фонда НТБ ТПУ
Idioma:rus
Publicat: Москва, Советский писатель, 1992
TOC:А. А. Бобров, Вода живая и мертвая;
П. Я. Чаадаев, Отрывки и Афоризмы;
С. Фомин, Считай себя предупрежденным;
А. Григорьев, Мир суеверий;
Т. Глоба, Россия - это сердце Земли;
Ф. И. Буслаев, Народные годовщины;
Т. Смертина, Ворожба;
Н. А. Бердяев, Национализм и мессианизм;
А. Анисимов, Г. Пятов, Пророчества Нострадамуса: реальность страшнее;
Г. П. Федотов, Будет ли существовать Россия?;
Ясновидящая Иванка, За Россией - нежность, которая называется "будущее";
А. Романов, Дионисий;
И. Ильин, Против России;
Я родилась в России - не для погибели;
Джуна, Звезда над миром;
А. Тюрин, Комсомольская площадь;
В гостях у Ванги;
Е. Андреева, Аномальные явления в конце света;
С. А. Вронский, Взрослым о детях;
Format: MixedMaterials Llibre
KOHA link:https://koha.lib.tpu.ru/cgi-bin/koha/opac-detail.pl?biblionumber=142638

MARC

LEADER 00000nam0a2200000 4500
001 142638
005 20231031142811.0
010 |a 5265026177 
020 |a RU  |b 92-5370 
035 |a (RuTPU)RU\TPU\book\154568 
090 |a 142638 
100 |a 20080910d1992 m y0rusy5003 ca 
101 0 |a rus 
102 |a RU 
105 |a y z 000zy 
200 1 |a Водолей - знак России  |e Поверья. Прозрения. Пророчества  |f сост. А. А. Бобров 
210 |a Москва  |c Советский писатель  |d 1992 
215 |a 256 с. 
333 |a Исключено из фонда НТБ ТПУ 
464 |t Вода живая и мертвая  |o вступительная статья  |f А. А. Бобров 
464 |t Отрывки и Афоризмы  |f П. Я. Чаадаев 
464 |t Считай себя предупрежденным  |f С. Фомин 
464 |t Мир суеверий  |f А. Григорьев 
464 |t Россия - это сердце Земли  |f Т. Глоба 
464 |t Народные годовщины  |f Ф. И. Буслаев 
464 |t Ворожба  |f Т. Смертина 
464 |t Национализм и мессианизм  |f Н. А. Бердяев 
464 |t Пророчества Нострадамуса: реальность страшнее  |f А. Анисимов, Г. Пятов 
464 |t Будет ли существовать Россия?  |f Г. П. Федотов 
464 |t За Россией - нежность, которая называется "будущее"  |f Ясновидящая Иванка 
464 |t Дионисий  |f А. Романов 
464 |t Против России  |f И. Ильин 
464 |t Я родилась в России - не для погибели 
464 |t Звезда над миром  |f Джуна 
464 |t Комсомольская площадь  |f А. Тюрин 
464 |t В гостях у Ванги 
464 |t Аномальные явления в конце света  |f Е. Андреева 
464 |t Взрослым о детях  |o краткий космобиологический календарь  |f С. А. Вронский  |a Вронский, С. А. 
675 |a Р2  |z rus 
702 1 |a Бобров  |b А. А.  |g Александр Александрович  |4 220 
801 0 |a RU  |b RuMRKP  |c 19950417  |g psbo 
801 1 |a RU  |b 63413507  |c 20080910  |g PSBO 
801 2 |a RU  |b 63413507  |c 20210519  |g PSBO 
942 |c BK